000
00229nam a2200097Ia 4500
008
120527s9999 xx 000 0 und d
100
_a
NSMA
245
_a
The Nigerian stock market Annual
260
_b
WAPIC Ins. Plc.
942
_c
BK
999
_c
23557
_d
23557